000 00430nmm a2200157Ia 4500
008 251105s9999||||xx |||||||||||||||||und||
041 _aspa
100 _aHal, Duncan
245 0 _aVellum
264 _a[Madrid, España] :
_bLa Factoría de Ideas,
_c2014
300 _a416 páginas
490 _aLínea Maestra
650 _aScience fiction & Fantasy
856 _uhttps://public.digitaliapublishing.com/a/25371
942 _cCF
999 _c99853
_d99853